| 000 | 00674nam a22002057a 4500 | ||
|---|---|---|---|
| 003 | OSt | ||
| 005 | 20250730013146.0 | ||
| 008 | 250730b |||||||| |||| 00| 0 eng d | ||
| 020 | _a978-621-427-116-0 | ||
| 040 |
_aDWC-Main Lib _cOC |
||
| 082 | _aFil. 650.1 V665c 2022 | ||
| 100 | _aViernes, Annaliza | ||
| 245 |
_aCorporate social responsibility/ _cAnnaliza Viernes |
||
| 260 |
_aIntramuros, Manila: _bUnlimited Books Library Services Publishing Inc., _cc2022. |
||
| 300 |
_aix, 166pages: _billustrations; _c23cm. |
||
| 504 | _aIncludes bibliographic references. | ||
| 650 | _a1. Human resource. | ||
| 650 | _a2. Personal Management. | ||
| 942 |
_2ddc _cBK - FIL _kFil. _n0 |
||
| 999 |
_c3876 _d3876 |
||